000 01331nam a22002777a 4500
001 TZ 0018
003 gtcocun
005 20250926194633.0
006 a||||gr|||| 00| 0
007 ta
008 250926b2001 gt ||||| m||| 00| 0 eng d
040 _agtcocun
_bSPA
_cgtcocun
_eRDA
041 _aSPA TZ 0018
084 _0TZ 0018
100 _aJuárez, Miguel Ángel
_eAutor
245 _aDETERMINACIÓN EFECTO DE LA ENOCULACIÓN DEL HONGO BASIDIOMICETO PLEUROTUS OSTREATUS, SOBRE RASTROJO DE MAIZ, EN LA FINCA "CHIMAXITO", UBICADA EN EL MUNICIPIO DE COBÁN, DEPARTAMENTO DE ALTA VERAPAZ, DURANTE LOS MESES DE OCTUBRE - DICIEMBRE 2,000 Y ENERO 2,001./
_cMiguel Ángel Juárez.
_hImpreso
264 _aCobán, Alta Verapaz:
_bUniversidad de San Carlos de Guatemala, Centro Universitario del Norte, Zootecnia
_c2001
300 _a38 p.:
_bIlustraciones, gráficas.
_c28 cm;
502 _eTZ 0018
502 _aTesis de grado
_bZootecnia,
_cUniversidad de San Carlos de Guatemala, Centro Universitario del Norte, Zootecnia
_d2001
_oTZ 0018
650 1 4 _2LEMB
_aCobán, Alta Verapaz.
_xZootecnia
_xBromatológicos
_xInoculación
_xMedicina veterinaria
_xSiembra
700 _eAsesor
856 _uSin archivo en línea.
_zSin archivo en línea.
942 _2ddc
_cTES
_iTZ 0018
_kClasificación
_n0
_6TZ_0018_000000000000000
999 _c2166
_d2166